000 00803nmc a2200277 a 4500
003 AR-BaBNM
005 20251128205201.0
008 011101s1995 ||||||||||||||000 | spa||
020 _a950-21-0815-9
040 _cAR-BaBNM
100 1 _aPampillo, Gloria
245 1 0 _aEl taller de escritura
250 _a5ª ed.
260 _aBuenos Aires
_bPlus Ultra
_c1995
300 _a109 p.
490 0 _aDidáctica del lenguaje y la comunicación. Estudio sistemático de la lengua
_vv. 8
504 _aContiene bibliografía en p. 109
650 4 _aENSENANZA DE LA ESCRITURA
650 4 _aTALLERES ESCOLARES
650 4 _aACTIVIDADES EN GRUPO
650 4 _aMETODOS DE ENSENANZA
650 4 _aREDACCION
800 1 _aManacorda de Rosetti, Mabel V.
_edirector
942 _cBK
998 _claura
999 _c10347
_d10347